000 00515nam a22001937a 4500
003 MPLRDC
005 20220104142425.0
008 210129b ||||| |||| 00| 0 eng d
020 _a957-13-2401-9
082 _a178.3 CAR
100 _aRICHARD CARLSON
245 _a别为小事抓狂
_c朱恩伶译
250 _a初版十一刷
260 _a
_b时报文化出版企业股份有限公司
_c1998
300 _b
490 _a人生顾问. 43
650 _a心理诊断及辅导
942 _cBK
_o178.3 CAR
999 _c30799
_d30789